Ελληνική λαογραφία : ιστορικά, θεωρητικά, μεθοδολογικά, θεματικές

Αποθηκεύτηκε σε:
Λεπτομέρειες βιβλιογραφικής εγγραφής
Άλλοι συγγραφείς: Βαρβούνης, Εμμανουήλ Γερ., 1966- (Επιμελητής έκδοσης), Σέργης, Μανόλης Γ., 1957- (Επιμελητής έκδοσης)
Μορφή: Βιβλίο
Γλώσσα:Greek
Δημοσίευση: Αθήνα : Ηρόδοτος, 2012.
Σειρά:Laographia ; IV
Θέματα:
Ετικέτες: Προσθήκη ετικέτας
Δεν υπάρχουν, Καταχωρήστε ετικέτα πρώτοι!

MARC

LEADER 00000cam a2200000 i 4500
001 1/47964
008 140522s2012 gr | ||| |||| ||gre||
020 |a 9789604850389  |q (τ.1) 
020 |a 9789604850396   |q (τ.2) 
020 |a 9789604850372   |q (τ.1-2) 
035 |l 10117747 
040 |a GR-MY-UA  |b gre  |e aacr 
041 0 |a gre 
082 7 |a 398.09495   |2 (23) 
245 0 0 |a Ελληνική λαογραφία :   |b ιστορικά, θεωρητικά, μεθοδολογικά, θεματικές /   |c διεύθυνση: Μανόλης Γ. Βαρβούνης, Μανόλης Γ. Σέργης.  
260 |a Αθήνα :   |b Ηρόδοτος,   |c 2012.  
300 |a 2 τ. ;   |c 24 εκ. 
490 1 |a (Laographia ;   |v  IV) 
504 |a Περιλαμβάνει βιβλιογραφικές παραπομπές.  
650 0 0 |a Folklore  |z Greece. 
650 0 0 |a Folklore  |x History  |z Greece. 
650 0 0 |a Folklore  |x Methodology. 
700 1 |a Βαρβούνης, Εμμανουήλ Γερ.,   |d 1966-  |e edt 
700 1 |a Σέργης, Μανόλης Γ.,   |d 1957-  |e edt 
830 0 |a Laographia ;  |v IV 
852 |a INST  |b LESVOS  |c EUDOXUS  |e 20200131  |h 398.09495 ΕΛΛ  |p 005100062706  |q 005100062706  |t EDX  |v τ.2:  |y 0 
852 |a INST  |b LESVOS  |c EUDOXUS  |e 20200131  |h 398.09495 ΕΛΛ  |p 005100062707  |q 005100062707  |t EDX  |v τ.1:  |y 0 
852 |a INST  |b LESVOS  |c EUDOXUS  |e 20210528  |h 398.09495 ΕΛΛ  |p 005100063300  |q 005100063300  |t EDX  |v τ.1:  |y 0 
852 |a INST  |b RHODES  |c EUDOXUS  |e 20140522  |h 398.09495 ΕΛΛ  |p 005400036537  |q 005400036537  |t EDX  |y 0  |z τ.2 
852 |a INST  |b RHODES  |c EUDOXUS  |e 20140522  |h 398.09495 ΕΛΛ  |p 005400036538  |q 005400036538  |t EDX  |y 0  |z τ.2 
852 |a INST  |b RHODES  |c EUDOXUS  |e 20140522  |h 398.09495 ΕΛΛ  |p 005400036537  |q 005400036537  |t EDX  |v τ.2:  |y 0  |z τ.2 
852 |a INST  |b RHODES  |c EUDOXUS  |e 20140522  |h 398.09495 ΕΛΛ  |p 005400036538  |q 005400036538  |t EDX  |v τ.2:  |y 0  |z τ.2 
852 |a INST  |b RHODES  |c EUDOXUS  |e 20190530  |h 398.09495 ΕΛΛ  |p 005400040863  |q 005400040863  |t EDX  |v τ.1:  |y 0 
852 |a INST  |b RHODES  |c EUDOXUS  |e 20231106  |h 398.09495 ΕΛΛ  |p 005400043869  |q 005400043869  |t EDX  |v τ.1:  |y 0 
853 |a INST  |b LESVOS  |c EUDOXUS  |h 398.09495 ΕΛΛ 
853 |a INST  |b RHODES  |c EUDOXUS  |h 398.09495 ΕΛΛ 
901 |a BIBL4-2014-2 
909 |a Ρ  |b 183039 
909 |a Ρ  |b 183040 
920 |a Εύδοξος  |b Παραγγελία  |y Ρόδος-ΠΤΔΕ  |z 2019-05 
920 |a Εύδοξος  |b Παραγγελία  |y Ρόδος-ΤΕΠΑΕΣ  |z 2014-05 
920 |a Εύδοξος  |b Επιστροφή  |y Ρόδος  |z 2023-11 
920 |a Εύδοξος  |b Παραγγελία  |y Λέσβος-ΤΚΑΙ  |z 2020-01 
922 |a 4ΕΛΗ 
970 |z 2014/05/22